000 01025nam a22003017a 4500
003 CHAP
005 20220817043054.0
008 971010s1987 mx a r 00010 spa d
010 _a64682
011 _a65654
035 _a72872
040 _cCHAP
090 _aFolleto 11108
100 0 0 _aCruz, Aurelio.
_929639
245 1 _aBlanco 86 variedad de sorgo para el Estado de Quintana Roo
260 _aMéxico, D. F. :
_bINIFAP. Centro de Investigaciones Forestales y Agropecuarias del Estado de Quintana R,
_c1987
300 _a10 p.
_b: ilus
490 _aFolleto para productores
_v; 1
590 _aBATCH-UPD
_b10
_c20130110
_lUCH01
_h1734
590 _aCONVERSION
_b10
_c20130109
_lUCH01
_h1335
650 1 4 _aSorgo
_xVariedades.
_9108734
830 0 _aFolleto para productores
_v; 1
901 _aBK
942 _cFOLL
949 _aFolleto 11108
_bBC
_cFOLL
_d-145984
_eTS1
_i72872
_si
949 _aFolleto 11108
_bBC
_cFOLL
_d-145985
_eTS2
_fc.2
_i72872
_si
949 _aFolleto 11108
_bBC
_cFOLL
_d-145986
_eTS2
_fc.3
_i72872
_si
999 _c64682
_d64682